|
|
|
|
| LEADER |
00830nam a2200229 a 4500 |
| 001 |
000621441 |
| 003 |
CZ BrMZK |
| 005 |
20110805103626.0 |
| 007 |
ta |
| 008 |
020907s1967 xr f cze d |
| 040 |
|
|
|a BOA001
|b cze
|c BOA001
|
| 100 |
1 |
|
|a Pražský, Jeroným,
|d 1921-2005
|7 xx0100208
|4 aut
|
| 245 |
1 |
0 |
|a Vyhledávání a průzkum ložisek užitkových surovin /
|c Jeroným Pražský
|
| 250 |
|
|
|a 1. vyd.
|
| 260 |
|
|
|a Ostrava :
|b Ediční středisko Vysoké školy báňské,
|c 1967
|
| 300 |
|
|
|a 107 s.
|
| 490 |
1 |
|
|a Učební texty vysokých škol
|
| 710 |
2 |
|
|a Vysoká škola báňská - Technická univerzita Ostrava
|7 kn20010709483
|
| 830 |
|
0 |
|a Učební texty vysokých škol
|
| 910 |
|
|
|a BOA001
|b 3-0583.332
|
| 990 |
|
|
|a BK
|
| 996 |
6 |
|
|b 2619114732
|c 3-0583.332
|l MZK
|r Sklad / do 1 hodiny
|n 0
|w 000621441
|u 000010
|a 1
|e BOA001
|j MZK50
|s P
|